000 00378nam a2200145Ia 4500
008 230917s9999||||xx |||||||||||||| ||und||
040 _e255858
_aMAIN
041 _aEnglish
082 _a954.5 M314A
100 _aManju Bala
245 0 _aAupnivishik dakshin-Poorvi Punjab mein krishi ka vanijaykaran: Ek adhyayan
260 _c2018
300 _axxii, 226 p.
942 _cTH
999 _c128342
_d128342